000 01005nam a22003377a 4500
003 CHAP
005 20220329135806.0
008 971013s1968 r 00010 d
010 _a42264
011 _a43236
035 _a47372
040 _cCHAP
082 _a330.18
_bF6
100 0 0 _aFox, Karl A.
_942808
245 _aIntermediate economic stadistics
260 _aNew York :
_bWiley,
_c1968
300 _a568 p.
490 _aWiley international edition
590 _aBATCH-UPD
_b10
_c20130110
_lUCH01
_h0117
590 _aBATCH-UPD
_b10
_c20130110
_lUCH01
_h1838
590 _aBATCH-UPD
_b10
_c20130410
_lUCH01
_h1209
590 _aBATCH-UPD
_b10
_c20130914
_lUCH01
_h1231
590 _aCONVERSION
_b10
_c20130109
_lUCH01
_h1323
650 1 4 _aEconometría.
_935201
650 1 4 _aEconomía.
_935226
650 1 4 _aEstadística.
_938241
830 0 _aWiley international edition
_9121936
901 _aBK
942 _cLIBRO
949 _a330.18 F6
_bBC
_cLIBRO
_d33724002015371
_eLIBRO
_h18314
_i47372
_si
999 _c42264
_d42264